000 00653cam a22001457a 4500
008 180718b1996 xxu||||| |||| 00| 0 eng d
082 _aA81x54 91/2/Pt12A&B/KU
100 _aCensus of India 1991
245 _aAndhra Pradesh district census handbook, Kurnool: village and town directory, village and townwise primary census abstract
260 _aHyderabad
_bCommissioner of Printing Stationery and Stores Purchase (Ptg. Wing) Department
_c1996
300 _a421+p.
440 _aCensus of India 1991. Series-2, Andhra Pradesh. Part XII-A & B
650 _aCities and towns - Directories - India - Andhra Pradesh - Kurnool
650 _aKarnool - Census
999 _c486841
_d486841